[Event "Winnipeg TNT 2023.11"]
[Site "Winnipeg CAN"]
[Date "2023.11.14"]
[Round "2.2"]
[White "Kuryliw, Ray"]
[Black "Currie, James"]
[Result "0-1"]
[WhiteElo "1711"]
[BlackElo "1938"]
[PlyCount "62"]
[EventDate "2023.11.07"]
[EventType "swiss"]
[EventRounds "4"]
[EventCountry "CAN"]

1. d4 Nf6 2. Nc3 c5 3. d5 Qa5 4. Bd2 b5 5. Ne4 Qb6 6. Nxf6+ gxf6 7. e4 d6 8.
Ne2 Bd7 9. Ng3 Na6 10. c3 Nc7 11. Qc1 f5 12. f3 h5 13. c4 fxe4 14. fxe4 b4 15.
Be2 h4 16. Nh5 f6 17. Qd1 Qb7 18. Bg4 Qc8 19. h3 f5 20. exf5 Bxf5 21. Qe2 Kd8
22. O-O-O Rg8 23. Bf3 Qa6 24. Be4 Bxe4 25. Qxe4 Qxa2 26. Rhg1 a5 27. Qxh4 a4
28. Bf4 a3 29. Kd2 Qxb2+ 30. Kd3 Ne8 31. Rge1 Qd4+ 0-1

[Event "Winnipeg TNT 2023.11"]
[Site "Winnipeg CAN"]
[Date "2023.11.14"]
[Round "2.3"]
[White "Vaughan, Nathan"]
[Black "Abdildin, Amangeldi"]
[Result "1-0"]
[WhiteElo "1907"]
[BlackElo "1690"]
[PlyCount "77"]
[EventDate "2023.11.07"]
[EventType "swiss"]
[EventRounds "4"]
[EventCountry "CAN"]

1. e4 d5 2. exd5 Qxd5 3. Nc3 Qa5 4. d4 Nf6 5. Nf3 Bg4 6. h3 Bh5 7. Bc4 e6 8.
Bd2 Qb6 9. Qe2 c6 10. g4 Bg6 11. O-O-O Na6 12. h4 Nb4 13. Bb3 Nxg4 14. h5 Bf5
15. Nh4 O-O-O 16. Nxf5 exf5 17. Bxf7 Nf6 18. Bf4 Nbd5 19. Be6+ Nd7 20. Nxd5
cxd5 21. Qe5 Bd6 22. Qxd6 Qxd6 23. Bxd6 Rhe8 24. Bxf5 b6 25. Rde1 Kb7 26. Bxd7
Rxe1+ 27. Rxe1 Rxd7 28. Re7 Kc6 29. Rxd7 Kxd7 30. Be5 g6 31. hxg6 hxg6 32. f4
a6 33. Kd2 Ke6 34. Kd3 b5 35. b3 b4 36. c4 bxc3 37. Kxc3 a5 38. b4 axb4+ 39.
Kxb4 1-0

[Event "Winnipeg TNT 2023.11"]
[Site "Winnipeg CAN"]
[Date "2023.11.14"]
[Round "2.4"]
[White "Klusa, Mark"]
[Black "Zhou, Joe"]
[Result "1-0"]
[WhiteElo "1790"]
[BlackElo "1667"]
[PlyCount "49"]
[EventDate "2023.11.07"]
[EventType "swiss"]
[EventRounds "4"]
[EventCountry "CAN"]

1. e4 e5 2. Nc3 Nf6 3. Bc4 Bc5 4. d3 h6 5. f4 d6 6. Na4 Bb6 7. Nxb6 cxb6 8. Nf3
O-O 9. O-O Nc6 10. fxe5 Nxe5 11. Bb3 Re8 12. Qe1 Be6 13. Qh4 Nfd7 14. Qg3 Kh8
15. Nd4 Bxb3 16. axb3 a6 17. Nf5 Rg8 18. Nxd6 Qe7 19. Nf5 Qe6 20. Be3 Rac8 21.
Rf2 b5 22. Raf1 Nf6 23. h3 Nh7 24. d4 Ng6 25. Nd6 1-0

[Event "Winnipeg TNT 2023.11"]
[Site "Winnipeg CAN"]
[Date "2023.11.14"]
[Round "2.5"]
[White "Pearce, Thomas"]
[Black "Stordeur, Jackson"]
[Result "0-1"]
[WhiteElo "1534"]
[BlackElo "1753"]
[PlyCount "48"]
[EventDate "2023.11.07"]
[EventType "swiss"]
[EventRounds "4"]
[EventCountry "CAN"]

1. e4 c5 2. Bc4 Nc6 3. Ne2 g6 4. Nbc3 Bg7 5. O-O e6 6. a3 Nge7 7. d3 O-O 8. Be3
b6 9. Nf4 Bb7 10. Ra2 Na5 11. Nb5 d5 12. exd5 exd5 13. Bb3 Nxb3 14. cxb3 d4 15.
Bd2 a6 16. Nc3 dxc3 17. bxc3 Nd5 18. Qc1 Nxf4 19. Bxf4 Qxd3 20. Bd2 Rad8 21.
Re1 Rfe8 22. Re3 Rxe3 23. fxe3 Qe2 24. Be1 Qxa2 0-1

[Event "Winnipeg TNT 2023.11"]
[Site "Winnipeg CAN"]
[Date "2023.11.14"]
[Round "2.6"]
[White "Letain, Cory"]
[Black "Hamm, Gabriel"]
[Result "0-1"]
[WhiteElo "1722"]
[BlackElo "1191"]
[PlyCount "74"]
[EventDate "2023.11.07"]
[EventType "swiss"]
[EventRounds "4"]
[EventCountry "CAN"]

1. e4 e5 2. f4 exf4 3. Nf3 d5 4. e5 g5 5. h4 g4 6. Ng5 h6 7. Nxf7 Kxf7 8. d4
Be7 9. Bxf4 Bxh4+ 10. g3 Bg5 11. Be2 h5 12. O-O Kg7 13. Qd2 Bxf4 14. Qxf4 Be6
15. Bd3 Nh6 16. Nd2 Rf8 17. Qe3 Nd7 18. c4 Qe7 19. Rf6 Rxf6 20. Qg5+ Kh8 21.
exf6 Qxf6 22. Qe3 Nf5 23. Bxf5 Bxf5 24. cxd5 Nb6 25. Rf1 Nxd5 26. Qf2 Rf8 27.
Nb3 Bd3 28. Qxf6+ Rxf6 29. Re1 Kg7 30. Nc5 Ba6 31. Nd7 Rf7 32. Ne5 Re7 33. Kg2
Nb4 34. Rh1 Nc2 35. Rxh5 Nxd4 36. Nxg4 Re2+ 37. Nf2 Rxb2 0-1

[Event "Winnipeg TNT 2023.11"]
[Site "Winnipeg CAN"]
[Date "2023.11.14"]
[Round "2.7"]
[White "Aiello, Pietro"]
[Black "Babb, Jeff"]
[Result "0-1"]
[WhiteElo "1578"]
[BlackElo "2029"]
[PlyCount "86"]
[EventDate "2023.11.07"]
[EventType "swiss"]
[EventRounds "4"]
[EventCountry "CAN"]

1. e4 d6 2. d4 Nf6 3. Nc3 g6 4. Bc4 Bg7 5. Nf3 Nc6 6. O-O O-O 7. Qd3 Na5 8. Bb3
Nxb3 9. axb3 c6 10. Be3 Ng4 11. Bd2 d5 12. h3 dxe4 13. Nxe4 Nf6 14. c4 Nxe4 15.
Qxe4 Bf5 16. Qe3 Re8 17. g4 Be6 18. Bc3 Qc7 19. Ng5 Bd7 20. d5 Bxc3 21. bxc3
Qb6 22. Qxb6 axb6 23. f3 h6 24. Ne4 Kg7 25. Rfe1 Rxa1 26. Rxa1 f5 27. Ng3 Kf6
28. Kf2 Ke5 29. Ra7 Bc8 30. dxc6 bxc6 31. gxf5 gxf5 32. Ne2 f4 33. Nd4 Kd6 34.
Ra8 Kc7 35. Ra7+ Bb7 36. Ne6+ Kb8 37. Ra1 Bc8 38. Nxf4 Rf8 39. Kg3 e5 40. Nh5
Rf5 41. Kh4 Rxf3 42. Rh1 Rxc3 43. Ng3 Rxb3 0-1

[Event "Winnipeg TNT 2023.11"]
[Site "Winnipeg CAN"]
[Date "2023.11.14"]
[Round "2.8"]
[White "Rutter, Blair"]
[Black "Gannon, Keith"]
[Result "1-0"]
[WhiteElo "1884"]
[BlackElo "1539"]
[PlyCount "155"]
[EventDate "2023.11.07"]
[EventType "swiss"]
[EventRounds "4"]
[EventCountry "CAN"]

1. c4 Nf6 2. g3 g6 3. Bg2 Bg7 4. Nc3 O-O 5. e4 e5 6. d3 d6 7. Nge2 c6 8. O-O
Re8 9. h3 Be6 10. Be3 d5 11. cxd5 cxd5 12. exd5 Nxd5 13. Qd2 Nxe3 14. Qxe3 Qd7
15. Kh2 Nc6 16. Ne4 Qe7 17. a3 Rad8 18. Rac1 a6 19. Nc5 Bd5 20. f3 h6 21. Nc3
g5 22. Nxd5 Rxd5 23. Nxa6 bxa6 24. Rxc6 Rd6 25. Rfc1 Rxc6 26. Rxc6 Qb7 27. Qb6
Qxb6 28. Rxb6 Rd8 29. Bf1 Ra8 30. Kg2 a5 31. Kf2 e4 32. Rb7 Bd4+ 33. Ke2 e3 34.
Kd1 Kg7 35. Be2 h5 36. f4 gxf4 37. gxf4 Kg6 38. Rb5 f5 39. Bf3 Ra7 40. Bd5 h4
41. Ke2 Kf6 42. Bb7 Kg6 43. Bc8 Rc7 44. Bxf5+ Kf6 45. Kd1 Bxb2 46. Rxa5 Rc1+
47. Ke2 Bd4 48. Bg4 Rc2+ 49. Kd1 Rd2+ 50. Ke1 Rxd3 51. Ra6+ Kf7 52. a4 Bc3+ 53.
Ke2 Rd2+ 54. Kxe3 Rd8 55. f5 Bd2+ 56. Ke4 Re8+ 57. Kd3 Rd8+ 58. Kc4 Rc8+ 59.
Kb5 Rb8+ 60. Kc6 Rc8+ 61. Kb7 Rd8 62. Bh5+ Ke7 63. f6+ Kd7 64. Bg4+ Ke8 65. Ra8
Rxa8 66. Kxa8 Bg5 67. Bh5+ Kf8 68. f7 Be3 69. Kb7 Ke7 70. a5 Bd4 71. a6 Kf8 72.
a7 Bxa7 73. Kxa7 Ke7 74. Kb7 Kf8 75. Kc6 Ke7 76. Kc7 Kf8 77. Kd7 Kg7 78. Ke7
1-0

[Event "Winnipeg TNT 2023.11"]
[Site "Winnipeg CAN"]
[Date "2023.11.14"]
[Round "2.9"]
[White "De Meyer, Oliver"]
[Black "Zhang, Nicole"]
[Result "1-0"]
[WhiteElo "1481"]
[BlackElo "1898"]
[PlyCount "143"]
[EventDate "2023.11.07"]
[EventType "swiss"]
[EventRounds "4"]
[EventCountry "CAN"]

1. e4 e5 2. Nf3 Nc6 3. d4 exd4 4. Nxd4 Nf6 5. Nc3 Bb4 6. Nxc6 bxc6 7. e5 Nd5 8.
Qf3 d6 9. Bd2 dxe5 10. Bc4 Be6 11. O-O O-O 12. Rad1 Nxc3 13. Bxc3 Qg5 14. Bxe6
fxe6 15. Qxc6 Bd6 16. Rfe1 Qf5 17. Re2 Rad8 18. Rde1 Rb8 19. f3 Rb6 20. Qc4 Qg6
21. Bxe5 Bxe5 22. Rxe5 Re8 23. b3 Qf7 24. Rc5 Rc8 25. Rc6 Rxc6 26. Qxc6 Re8 27.
Rd1 Rc8 28. Rd7 Qf6 29. Qa6 Rd8 30. Rxd8+ Qxd8 31. Qxe6+ Kf8 32. Qf5+ Kg8 33.
Kf2 Qh4+ 34. g3 Qxh2+ 35. Ke3 Qxg3 36. Qd5+ Kf8 37. Qf5+ Kg8 38. a4 Qg1+ 39.
Ke4 Qe1+ 40. Kd5 Qa5+ 41. Ke6 Qxf5+ 42. Kxf5 Kf7 43. c4 g6+ 44. Kg5 Kg7 45. b4
h6+ 46. Kg4 Kf6 47. c5 h5+ 48. Kg3 g5 49. a5 Kf5 50. b5 Ke6 51. b6 cxb6 52.
cxb6 axb6 53. a6 Kf5 54. a7 h4+ 55. Kg2 g4 56. fxg4+ Kxg4 57. a8=Q h3+ 58. Kh1
b5 59. Qb8 b4 60. Qxb4+ Kg5 61. Kh2 Kf5 62. Kxh3 Ke5 63. Kg4 Kd5 64. Kf4 Ke6
65. Qc5 Kf6 66. Qf5+ Ke7 67. Ke5 Kd8 68. Kd6 Ke8 69. Qd7+ Kf8 70. Ke6 Kg8 71.
Kf6 Kh8 72. Qg7# 1-0

[Event "Winnipeg TNT 2023.11"]
[Site "Winnipeg CAN"]
[Date "2023.11.14"]
[Round "2.10"]
[White "Ling, Aiden"]
[Black "Hansima, Charitha"]
[Result "1-0"]
[WhiteElo "1468"]
[BlackElo "1703"]
[PlyCount "113"]
[EventDate "2023.11.07"]
[EventType "swiss"]
[EventRounds "4"]
[EventCountry "CAN"]

1. e4 e6 2. d4 d5 3. Bd3 c5 4. dxc5 Bxc5 5. exd5 exd5 6. Ne2 Ne7 7. O-O O-O 8.
Nbc3 Nbc6 9. Bg5 Be6 10. Nf4 Nd4 11. Bxe7 Qxe7 12. Ncxd5 Qg5 13. c3 Bxd5 14.
cxd4 Qxf4 15. dxc5 Qg5 16. f3 Qe3+ 17. Kh1 Qxc5 18. Re1 Bc6 19. Qc2 Qxc2 20.
Bxc2 Rad8 21. Rad1 Rxd1 22. Rxd1 Re8 23. Kg1 Kh8 24. Kf2 g6 25. Re1 Rd8 26. Ke3
Kg7 27. Be4 Re8 28. Kd2 Bxe4 29. Rxe4 Rxe4 30. fxe4 Kf6 31. Ke3 Ke5 32. g4 f6
33. h4 f5 34. exf5 gxf5 35. Kf3 fxg4+ 36. Kxg4 Kf6 37. Kh5 Kg7 38. Kg5 a6 39.
a3 b6 40. b3 a5 41. b4 axb4 42. axb4 h6+ 43. Kf5 Kf7 44. h5 Kg7 45. Ke6 b5 46.
Ke7 Kh7 47. Kf7 Kh8 48. Kg6 Kg8 49. Kxh6 Kh8 50. Kg6 Kg8 51. Kf6 Kh7 52. Ke5
Kh6 53. Kd5 Kxh5 54. Kc5 Kg6 55. Kxb5 Kf6 56. Kc6 Ke7 57. Kc7 1-0

[Event "Winnipeg TNT 2023.11"]
[Site "Winnipeg CAN"]
[Date "2023.11.14"]
[Round "2.11"]
[White "Bouchard, Daniel"]
[Black "Klokow, John"]
[Result "1-0"]
[WhiteElo "1215"]
[BlackElo "1622"]
[PlyCount "47"]
[EventDate "2023.11.07"]
[EventType "swiss"]
[EventRounds "4"]
[EventCountry "CAN"]

1. e4 e5 2. Nf3 Nc6 3. d4 exd4 4. Bc4 Nf6 5. e5 Ne4 6. Qe2 Nc5 7. Ng5 Ne6 8.
Nxe6 dxe6 9. O-O Bc5 10. c3 dxc3 11. Nxc3 O-O 12. Bf4 a6 13. Rfd1 Qe7 14. Ne4
h6 15. Qg4 Kh8 16. Rd3 f5 17. exf6 Rxf6 18. Nxf6 Qxf6 19. Bg3 e5 20. Qh5 e4 21.
Qe8+ Kh7 22. Bg8+ Kh8 23. Bf7+ Kh7 24. Qg8# 1-0

[Event "Winnipeg TNT 2023.11"]
[Site "Winnipeg CAN"]
[Date "2023.11.14"]
[Round "2.12"]
[White "Aiello, Mick"]
[Black "Trueman, Francis"]
[Result "1-0"]
[WhiteElo "1576"]
[BlackElo "1404"]
[PlyCount "41"]
[EventDate "2023.11.07"]
[EventType "swiss"]
[EventRounds "4"]
[EventCountry "CAN"]

1. e4 d6 2. d4 Nd7 3. Nc3 e5 4. Nge2 Ngf6 5. h3 g6 6. g4 c6 7. Bg2 Nb6 8. dxe5
dxe5 9. Qxd8+ Kxd8 10. Bg5 Be7 11. O-O-O+ Kc7 12. Be3 Nc4 13. Bh6 Be6 14. f4
Ne3 15. Rdg1 Nxg2 16. Rxg2 exf4 17. Bxf4+ Kb6 18. Rf2 Nd7 19. Rd1 g5 20. Be3+
Bc5 21. Na4+ 1-0

[Event "Winnipeg TNT 2023.11"]
[Site "Winnipeg CAN"]
[Date "2023.11.21"]
[Round "3.1"]
[White "Stordeur, Jackson"]
[Black "Kwiatek, Jordan"]
[Result "0-1"]
[WhiteElo "1744"]
[BlackElo "1983"]
[PlyCount "37"]
[EventDate "2023.11.07"]
[EventType "swiss"]
[EventRounds "4"]
[EventCountry "CAN"]

1. e4 c5 2. Nf3 d6 3. d4 cxd4 4. Nxd4 Nf6 5. Nc3 g6 6. Be3 Bg7 7. f3 a6 8. Qd2
h5 9. O-O-O Nbd7 10. Kb1 b5 11. Bd3 Bb7 12. Rhe1 Nc5 13. e5 Nd5 14. Nxd5 Bxd5
15. exd6 Qxd6 16. Nxb5 Bxa2+ 17. Kc1 Nxd3+ 18. Qxd3 Qxd3 19. Rxd3 0-1

[Event "Winnipeg TNT 2023.11"]
[Site "Winnipeg CAN"]
[Date "2023.11.21"]
[Round "3.2"]
[White "Currie, James"]
[Black "Klusa, Mark"]
[Result "1-0"]
[WhiteElo "1938"]
[BlackElo "1790"]
[PlyCount "61"]
[EventDate "2023.11.07"]
[EventType "swiss"]
[EventRounds "4"]
[EventCountry "CAN"]

1. e4 c5 2. Nf3 Nc6 3. d3 g6 4. g3 Bg7 5. Bg2 e5 6. Nbd2 Nge7 7. O-O O-O 8. c3
d6 9. a4 h6 10. Nc4 Be6 11. Ne3 f5 12. exf5 Nxf5 13. Nxf5 Bxf5 14. Qb3+ Rf7 15.
Nh4 Ne7 16. Nxf5 gxf5 17. Qxb7 d5 18. Qb3 Rb8 19. Qa2 Qd6 20. b4 cxb4 21. cxb4
e4 22. Bf4 Be5 23. Bxe5 Qxe5 24. b5 Kg7 25. Qe2 Ng8 26. dxe4 fxe4 27. Rfd1 Nf6
28. f3 e3 29. f4 Qe6 30. Rd3 Re7 31. Rc1 1-0

[Event "Winnipeg TNT 2023.11"]
[Site "Winnipeg CAN"]
[Date "2023.11.21"]
[Round "3.3"]
[White "Hamm, Gabriel"]
[Black "Vaughan, Nathan"]
[Result "0-1"]
[WhiteElo "1191"]
[BlackElo "1907"]
[PlyCount "142"]
[EventDate "2023.11.07"]
[EventType "swiss"]
[EventRounds "4"]
[EventCountry "CAN"]

1. e4 e5 2. Nf3 Nc6 3. Bb5 Nf6 4. d3 Bc5 5. Bxc6 dxc6 6. O-O Qe7 7. Nbd2 Bg4 8.
Nc4 Nd7 9. Bd2 O-O-O 10. c3 f6 11. b4 Bb6 12. a4 a6 13. Be3 Bxe3 14. Nxe3 h5
15. Qe2 g5 16. Rfd1 Rdg8 17. Nf5 Qe6 18. b5 c5 19. Ne3 a5 20. h3 Bxf3 21. Qxf3
g4 22. Qf5 Qf7 23. h4 Rg7 24. d4 Kb8 25. d5 Rhg8 26. d6 c6 27. bxc6 bxc6 28.
Rdb1+ Kc8 29. Rb2 Rg5 30. hxg5 Rxg5 31. Rab1 Rxf5 32. Nxf5 Qc4 33. Ne7+ Kd8 34.
Nxc6+ Ke8 35. Nxa5 Qxe4 36. c4 Qd3 37. Nb7 Qxc4 38. a5 Qa6 39. Rc1 Qa7 40. Rbb1
Kf7 41. Nd8+ Kg6 42. Nc6 Qa6 43. Nb8 Qxd6 44. Rd1 Qc7 45. Nxd7 Qxa5 46. Rbc1
Qb4 47. Nxc5 g3 48. fxg3 Qg4 49. Rd3 e4 50. Re3 Qg5 51. Rce1 Qxc5 52. Kh2 f5
53. Kg1 Kg5 54. Kh2 Kg4 55. R3e2 Qd6 56. Rf1 Qxg3+ 57. Kh1 Qd6 58. Ree1 Qd3 59.
Rd1 Qg3 60. Rde1 Qh4+ 61. Kg1 Qg3 62. Re2 h4 63. Ref2 Qe3 64. Kh2 Qg3+ 65. Kh1
f4 66. Re2 e3 67. Rf3 Qxf3 68. gxf3+ Kxf3 69. Ra2 e2 70. Ra3+ Kf2 71. Ra2 Kf1
0-1

[Event "Winnipeg TNT 2023.11"]
[Site "Winnipeg CAN"]
[Date "2023.11.21"]
[Round "3.4"]
[White "Babb, Jeff"]
[Black "Rutter, Blair"]
[Result "1/2-1/2"]
[WhiteElo "2029"]
[BlackElo "1884"]
[Annotator "aboro"]
[PlyCount "79"]
[EventDate "2023.11.07"]
[EventType "swiss"]
[EventRounds "4"]
[EventCountry "CAN"]

1. f4 d5 2. Nf3 Nf6 3. g3 c6 4. Bg2 Nbd7 5. c3 e6 6. O-O Bd6 7. d4 O-O 8. Nbd2
c5 9. Ne5 Qb6 10. e3 Ne8 11. Kh1 f6 12. Nxd7 Bxd7 13. Nf3 Nc7 14. Re1 Rae8 15.
Qb3 Bc6 16. Qxb6 axb6 17. Bd2 Re7 18. Nh4 g6 19. Kg1 e5 20. dxe5 fxe5 21. Nf3
e4 22. Ng5 h6 23. Nh3 b5 24. a3 Na6 25. Rad1 b4 26. axb4 cxb4 27. cxb4 Bxb4 28.
Bf1 Bxd2 29. Rxd2 Nb4 30. Ra1 Ree8 31. Ra3 Ra8 32. Nf2 Rfc8 33. Ng4 Kg7 34. Ne5
Be8 35. Kf2 Rxa3 36. bxa3 Rc2 37. Ke1 Rc1+ 38. Kf2 Rc2 (38... Nc2 39. a4 d4 40.
Nc4 Bf7 41. Rxd4) 39. Ke1 Rc1+ 40. Kf2 1/2-1/2

[Event "Winnipeg TNT 2023.11"]
[Site "Winnipeg CAN"]
[Date "2023.11.21"]
[Round "3.5"]
[White "Aiello, Mick"]
[Black "Letain, Cory"]
[Result "1-0"]
[WhiteElo "1576"]
[BlackElo "1722"]
[PlyCount "55"]
[EventDate "2023.11.07"]
[EventType "swiss"]
[EventRounds "4"]
[EventCountry "CAN"]

1. e4 e6 2. Nf3 c5 3. Nc3 Nc6 4. d4 cxd4 5. Nxd4 Bc5 6. Nxc6 bxc6 7. Bd3 Bb7 8.
O-O Ne7 9. Kh1 Ng6 10. f4 O-O 11. Rf3 f5 12. exf5 exf5 13. Rh3 Qe7 14. Bd2 Qe6
15. Qh5 h6 16. Re1 Qf6 17. g4 fxg4 18. Rg3 Nxf4 19. Qxc5 d6 20. Qc4+ Nd5 21.
Nxd5 cxd5 22. Qxg4 d4+ 23. Be4 Rae8 24. Bxb7 Rxe1+ 25. Bxe1 Re8 26. Bd2 Re7 27.
Be4 Rc7 28. Qg6 1-0

[Event "Winnipeg TNT 2023.11"]
[Site "Winnipeg CAN"]
[Date "2023.11.21"]
[Round "3.6"]
[White "Rook, Sean"]
[Black "Pearce, Thomas"]
[Result "1-0"]
[WhiteElo "1714"]
[BlackElo "1534"]
[PlyCount "65"]
[EventDate "2023.11.07"]
[EventType "swiss"]
[EventRounds "4"]
[EventCountry "CAN"]

1. e4 c5 2. c3 d6 3. d4 cxd4 4. cxd4 Nc6 5. d5 Ne5 6. Nc3 a6 7. a4 g6 8. Be2
Bg7 9. Be3 Nf6 10. Bd4 Nfd7 11. f4 O-O 12. fxe5 Nxe5 13. Nf3 Nxf3+ 14. Bxf3 e5
15. dxe6 Bxd4 16. exf7+ Rxf7 17. Qxd4 Be6 18. O-O Qe7 19. Rae1 Raf8 20. Nd5 Qg5
21. Qe3 Qe5 22. b3 Re8 23. Qc3 Bxd5 24. Qxe5 Rxe5 25. exd5 Rfe7 26. Kf2 a5 27.
Re2 Rf7 28. Rxe5 dxe5 29. Ke3 Rf5 30. h4 Kf7 31. d6 Ke6 32. Rd1 Rf7 33. Bd5+
1-0

[Event "Winnipeg TNT 2023.11"]
[Site "Winnipeg CAN"]
[Date "2023.11.21"]
[Round "3.7"]
[White "Repaka, Prabhav"]
[Black "Kuryliw, Ray"]
[Result "0-1"]
[WhiteElo "1535"]
[BlackElo "1711"]
[PlyCount "46"]
[EventDate "2023.11.07"]
[EventType "swiss"]
[EventRounds "4"]
[EventCountry "CAN"]

1. e4 c6 2. d4 d5 3. e5 c5 4. c3 Nc6 5. Nf3 Bg4 6. Nbd2 e6 7. Be2 cxd4 8. cxd4
Nge7 9. O-O Nf5 10. h3 Bxf3 11. Nxf3 Qb6 12. Be3 Be7 13. b3 O-O 14. Bd3 Ba3 15.
Bxf5 exf5 16. Qd3 g6 17. Bh6 Rfe8 18. Rad1 Nd8 19. Nh4 Ne6 20. Qg3 Kh8 21. Qf4
Nxf4 22. Bxf4 Rac8 23. Rd3 Bf8 0-1

[Event "Winnipeg TNT 2023.11"]
[Site "Winnipeg CAN"]
[Date "2023.11.21"]
[Round "3.8"]
[White "Abdildin, Amangeldi"]
[Black "De Meyer, Oliver"]
[Result "1-0"]
[WhiteElo "1690"]
[BlackElo "1481"]
[PlyCount "81"]
[EventDate "2023.11.07"]
[EventType "swiss"]
[EventRounds "4"]
[EventCountry "CAN"]

1. d4 Nf6 2. Bf4 c5 3. c3 d5 4. Nf3 Bf5 5. e3 e6 6. Bxb8 Rxb8 7. Qa4+ Nd7 8.
Bb5 a6 9. Bxd7+ Qxd7 10. Qxd7+ Kxd7 11. Ne5+ Ke8 12. Nd2 f6 13. Nef3 c4 14. Nf1
b5 15. Ng3 Bd3 16. a3 Bd6 17. Kd2 Ke7 18. b4 h5 19. Ne1 Bg6 20. Nf3 h4 21. Ne2
Be4 22. h3 g5 23. a4 Rb7 24. axb5 axb5 25. Ra6 Kd7 26. Rha1 Re8 27. Ra7 Rxa7
28. Rxa7+ Bc7 29. Neg1 Rg8 30. Ke2 g4 31. Nxh4 gxh3 32. Nxh3 Bxg2 33. Nxg2 Rxg2
34. Nf4 Rg8 35. Nxe6 Kxe6 36. Rxc7 Kd6 37. Ra7 Rb8 38. Kf3 Rb6 39. Kf4 Ke6 40.
Ra8 Rb7 41. Ra6+ 1-0

[Event "Winnipeg TNT 2023.11"]
[Site "Winnipeg CAN"]
[Date "2023.11.21"]
[Round "3.9"]
[White "Zhou, Joe"]
[Black "Ling, Aiden"]
[Result "1-0"]
[WhiteElo "1667"]
[BlackElo "1468"]
[PlyCount "55"]
[EventDate "2023.11.07"]
[EventType "swiss"]
[EventRounds "4"]
[EventCountry "CAN"]

1. Nf3 d5 2. e3 c5 3. c4 e6 4. b3 Nf6 5. Bb2 Nc6 6. Be2 Bd6 7. O-O O-O 8. d4
cxd4 9. Nxd4 Bd7 10. Nc3 Rc8 11. cxd5 Nxd5 12. Nxd5 exd5 13. Rc1 Qc7 14. h3
Rfe8 15. Nb5 Qb8 16. Qxd5 Bh2+ 17. Kh1 Be6 18. Qg5 f6 19. Bxf6 g6 20. Qh6 Re7
21. Bxe7 Nxe7 22. Qg5 Nf5 23. Rxc8+ Bxc8 24. Qd8+ Kg7 25. f4 Bxf4 26. Rxf4 Ng3+
27. Kh2 Nxe2 28. Qf8# 1-0

[Event "Winnipeg TNT 2023.11"]
[Site "Winnipeg CAN"]
[Date "2023.11.21"]
[Round "3.10"]
[White "Gannon, Keith"]
[Black "Bouchard, Daniel"]
[Result "0-1"]
[WhiteElo "1539"]
[BlackElo "1215"]
[PlyCount "80"]
[EventDate "2023.11.07"]
[EventType "swiss"]
[EventRounds "4"]
[EventCountry "CAN"]

1. Nf3 c5 2. c4 Nc6 3. Nc3 e5 4. d3 Be7 5. e3 d6 6. Be2 Nf6 7. O-O O-O 8. Bd2
d5 9. cxd5 Nxd5 10. Nxd5 Qxd5 11. Bc3 Bg4 12. Re1 Rad8 13. Qc2 Qe6 14. Rad1
Rfe8 15. a3 Bf8 16. Ng5 Qf5 17. Bxg4 Qxg4 18. Nf3 Re6 19. h3 Qh5 20. Kh1 Rg6
21. Qe2 f6 22. d4 e4 23. Nh2 Qg5 24. Rg1 cxd4 25. Bxd4 Ne5 26. Bxe5 Rxd1 27.
Qxd1 Qxe5 28. Qb3+ Kh8 29. Qxb7 h5 30. b4 Bd6 31. g3 f5 32. Qxa7 h4 33. Nf1 Qb5
34. Kh2 Qe2 35. Kh1 Qxf2 36. Qa8+ Kh7 37. Qd5 hxg3 38. Nxg3 Bxg3 39. Rxg3 Rxg3
40. Qd1 Rxh3# 0-1

[Event "Winnipeg TNT 2023.11"]
[Site "Winnipeg CAN"]
[Date "2023.11.21"]
[Round "3.11"]
[White "Zhang, Nicole"]
[Black "Ash, Cory"]
[Result "1-0"]
[WhiteElo "1898"]
[BlackElo "1105"]
[PlyCount "45"]
[EventDate "2023.11.07"]
[EventType "swiss"]
[EventRounds "4"]
[EventCountry "CAN"]

1. e4 g6 2. d4 Bg7 3. Nf3 d6 4. Nc3 e6 5. Bd2 Ne7 6. Be2 d5 7. e5 O-O 8. O-O
Nbc6 9. Bg5 Qd7 10. Qd2 Re8 11. Nd1 a5 12. Ne3 b6 13. Ng4 Nf5 14. c3 Nce7 15.
Nf6+ Bxf6 16. Bxf6 c5 17. g4 cxd4 18. gxf5 dxc3 19. bxc3 Nxf5 20. Nd4 Ba6 21.
Bxa6 Rxa6 22. Nxf5 exf5 23. Qh6 1-0

[Event "Winnipeg TNT 2023.11"]
[Site "Winnipeg CAN"]
[Date "2023.11.21"]
[Round "3.12"]
[White "Hansima, Charitha"]
[Black "Trueman, Francis"]
[Result "1-0"]
[WhiteElo "1703"]
[BlackElo "1404"]
[PlyCount "20"]
[EventDate "2023.11.07"]
[EventType "swiss"]
[EventRounds "4"]
[EventCountry "CAN"]

1. d4 d6 2. Bf4 Nd7 3. e3 Ngf6 4. c4 e5 5. Bg5 h6 6. Bh4 Be7 7. Nc3 g5 8. Bg3
Nh5 9. Qxh5 Nf6 10. Qd1 c6 1-0

[Event "Winnipeg TNT 2023.11"]
[Site "Winnipeg CAN"]
[Date "2023.11.28"]
[Round "4.1"]
[White "Kwiatek, Jordan"]
[Black "Currie, James"]
[Result "0-1"]
[WhiteElo "1983"]
[BlackElo "1938"]
[PlyCount "76"]
[EventDate "2023.11.07"]
[EventType "swiss"]
[EventRounds "4"]
[EventCountry "CAN"]

1. d4 c5 2. d5 Nf6 3. Nc3 Qa5 4. Bd2 b5 5. e4 b4 6. e5 Ng8 7. Ne4 f5 8. exf6
Nxf6 9. Nxf6+ exf6 10. Bc4 Bd6 11. Qh5+ g6 12. Qh6 Kf7 13. h4 Ba6 14. Bxa6 Qxa6
15. h5 g5 16. Nf3 Bf8 17. Nxg5+ Ke8 18. Qxh7 Rxh7 19. Nxh7 Bg7 20. h6 Bh8 21.
Rh3 Qc4 22. O-O-O Qxa2 23. Bf4 Qa1+ 24. Kd2 Qxb2 25. Bd6 c4 26. Re1+ Kd8 27.
Rhe3 Kc8 28. Re8+ Kb7 29. Rxh8 b3 30. Ree8 Qxc2+ 31. Ke3 Qc1+ 32. Kd4 Ka6 33.
Rxb8 b2 34. Ba3 Qf4+ 35. Kc5 Rxb8 36. Rxb8 Qxb8 37. Bxb2 Qxb2 38. Kd6 Qe5+ 0-1

[Event "Winnipeg TNT 2023.11"]
[Site "Winnipeg CAN"]
[Date "2023.11.28"]
[Round "4.2"]
[White "Vaughan, Nathan"]
[Black "Babb, Jeff"]
[Result "0-1"]
[WhiteElo "1907"]
[BlackElo "2029"]
[PlyCount "108"]
[EventDate "2023.11.07"]
[EventType "swiss"]
[EventRounds "4"]
[EventCountry "CAN"]

1. e4 e5 2. Nf3 Nc6 3. Bb5 a6 4. Ba4 Nf6 5. O-O Nxe4 6. d4 b5 7. Bb3 d5 8. dxe5
Be6 9. c3 Bc5 10. Nbd2 O-O 11. Bc2 Bf5 12. Nb3 Bg6 13. Nxc5 Nxc5 14. Bf4 Ne6
15. Be3 Be4 16. Qe2 Qe7 17. Rad1 Rfd8 18. Bd4 Nf4 19. Qd2 Bxf3 20. Qxf4 Bxd1
21. Rxd1 Nxd4 22. cxd4 Rf8 23. Qg3 f5 24. f4 c6 25. Rc1 Rac8 26. Bb3 Kh8 27.
Rc5 g6 28. Qc3 Qd7 29. Qa5 Qb7 30. Qb4 Rfe8 31. a4 Kg7 32. a5 Qd7 33. Qe1 Re6
34. Bc2 Rf8 35. b4 h6 36. Rc3 Qe7 37. Rg3 Kh7 38. Qb1 Qh4 39. Qc1 Qe7 40. Qb1
Qh4 41. Qc1 Rg8 42. Rh3 Qe7 43. Qd2 Qg7 44. Qe3 Rf8 45. Qd2 Kg8 46. Rg3 Qe7 47.
Bd3 Rf7 48. Bb1 Rg7 49. Bc2 Kf8 50. Kf1 Ke8 51. Ke1 Qh4 52. Kf2 Rf7 53. h3 g5
54. Qd3 gxf4 0-1

[Event "Winnipeg TNT 2023.11"]
[Site "Winnipeg CAN"]
[Date "2023.11.28"]
[Round "4.3"]
[White "Abdildin, Amangeldi"]
[Black "Rutter, Blair"]
[Result "1/2-1/2"]
[WhiteElo "1690"]
[BlackElo "1884"]
[PlyCount "69"]
[EventDate "2023.11.07"]
[EventType "swiss"]
[EventRounds "4"]
[EventCountry "CAN"]

1. d4 d5 2. Bf4 Nf6 3. Nf3 Bf5 4. c4 c6 5. e3 h6 6. Bd3 Bxd3 7. Qxd3 Nbd7 8.
Nc3 e6 9. O-O Be7 10. Ne5 O-O 11. cxd5 exd5 12. f3 Nxe5 13. Bxe5 Bd6 14. Bxd6
Qxd6 15. Ne2 Rfe8 16. Ng3 Re6 17. a3 g6 18. e4 Qc7 19. e5 Nd7 20. f4 Nf8 21.
Rf2 f5 22. Raf1 c5 23. dxc5 Qxc5 24. Rd1 Rd8 25. b4 Qb6 26. Ne2 Re7 27. Nd4 Ne6
28. Kh1 Kf7 29. Nxe6 Qxe6 30. Qe3 a6 31. Rfd2 Red7 32. Qh3 Kg7 33. Qe3 Kf7 34.
Qh3 Kg7 35. Qe3 1/2-1/2